000 00553nam a2200205Ia 4500
003 OSt
005 20260410114622.0
008 210210b1970 xxu||||| |||| 00| 0 eng d
040 _cAL
041 _aKannada
082 _a324.2092K BASM
100 _aBASAVARAJA KESTUR.
_d ಬಸವರಾಜ ಕೆಸ್ತೂರ್
_9261345
245 _aMahapurusha.
_bಮಹಾಪುರುಷ
260 _aBengaluru
_bSahityalaya
_c1970
300 _avii,111
650 _aAmbedkar
_9261346
690 _aBiography
_9261347
906 _a028879
942 _2ddc
_cBK
999 _c80111
_d80111